Burning angel / (Record no. 31074)
[ view plain ]
| 000 -LEADER | |
|---|---|
| fixed length control field | 00890cam a22003018a 4500 |
| 003 - CONTROL NUMBER IDENTIFIER | |
| control field | DLC |
| 005 - DATE AND TIME OF LATEST TRANSACTION | |
| control field | 20250902011453.0 |
| 008 - FIXED-LENGTH DATA ELEMENTS--GENERAL INFORMATION | |
| fixed length control field | 941104s1995 nyu 000 1 eng |
| 010 ## - LIBRARY OF CONGRESS CONTROL NUMBER | |
| LC control number | 94041921 //r95 |
| 020 ## - INTERNATIONAL STANDARD BOOK NUMBER | |
| International Standard Book Number | 0786860820 |
| 035 ## - SYSTEM CONTROL NUMBER | |
| System control number | 200722 |
| 040 ## - CATALOGING SOURCE | |
| Original cataloging agency | DLC |
| Transcribing agency | DLC |
| Modifying agency | DLC |
| 043 ## - GEOGRAPHIC AREA CODE | |
| Geographic area code | n-us-la |
| 092 00 - LOCALLY ASSIGNED DEWEY CALL NUMBER (OCLC) | |
| Classification number | FIC |
| Item number | Burke,J. |
| Edition number | 20 |
| 099 ## - LOCAL FREE-TEXT CALL NUMBER (OCLC) | |
| Classification number | Burke, J. |
| 100 1# - MAIN ENTRY--PERSONAL NAME | |
| Personal name | Burke, James Lee, |
| Dates associated with a name | 1936- |
| 245 10 - TITLE STATEMENT | |
| Title | Burning angel / |
| Statement of responsibility, etc. | James Lee Burke. |
| 260 ## - PUBLICATION, DISTRIBUTION, ETC. (IMPRINT) | |
| Place of publication, distribution, etc. | New York : |
| Name of publisher, distributor, etc. | Hyperion, |
| Date of publication, distribution, etc. | 1995. |
| 300 ## - PHYSICAL DESCRIPTION | |
| Extent | 340 p. ; |
| Dimensions | 24 cm. |
| 490 1# - SERIES STATEMENT | |
| Series statement | Dave Robicheaux novel ; |
| Volume/sequential designation | 8. |
| 650 #0 - SUBJECT ADDED ENTRY--TOPICAL TERM | |
| Topical term or geographic name as entry element | Organized crime |
| Geographic subdivision | Louisiana |
| General subdivision | Fiction. |
| 650 #0 - SUBJECT ADDED ENTRY--TOPICAL TERM | |
| Topical term or geographic name as entry element | Robicheaux, Dave (Fictitious character) |
| Form subdivision | Fiction. |
| 651 #0 - SUBJECT ADDED ENTRY--GEOGRAPHIC NAME | |
| Geographic name | Louisiana |
| General subdivision | Race relations |
| Form subdivision | Fiction. |
| 655 #7 - INDEX TERM--GENRE/FORM | |
| Genre/form data or focus term | Mystery fiction. |
| Source of term | gsafd. |
| 800 1# - SERIES ADDED ENTRY--PERSONAL NAME | |
| Personal name | Burke, James Lee, |
| Dates associated with a name | 1936- |
| Title of a work | Dave Robicheaux novel ; |
| Volume/sequential designation | 8. |
| 907 ## - LOCAL DATA ELEMENT G, LDG (RLIN) | |
| a | .b10603566 |
| 942 ## - ADDED ENTRY ELEMENTS (KOHA) | |
| Koha item type | Libro/Book |
| Withdrawn status | Lost status | Damaged status | Not for loan | Home library | Current library | Date acquired | Total Checkouts | Full call number | Barcode | Date last seen | Date checked out | Price effective from | Koha item type |
|---|---|---|---|---|---|---|---|---|---|---|---|---|---|
| San Juan Del Sur -- Biblioteca | San Juan Del Sur -- Biblioteca | 02/09/2025 | 2 | F | 30023314 | 29/12/2025 | 16/12/2025 | 02/09/2025 | Libro/Book |